Vede a technike dvere dokorán Aktív vedúcich pracovníkov PZN K záverom 5. zasadnutia ÚV KSČ

Bibliographic Details
Format: Article
Language:Slovak
Subjects:

MARC

LEADER 00000nab a2200000 a 4500
001 vtls000283267
003 SK-MaSNL
005 20260302220001.0
008 111201c1987 xo 0 slo
015 |a SNBRB19rr/mm-uuuuu 
035 |a CL0293385 
040 |a SNKBUCL  |b slo  |c SNKBUCL  |e AACR2 
041 0 |a slo 
044 |a xo  |c SK 
080 |a 631.157:001.9  |2 1981 
080 |a 001.9  |2 1981 
080 |a 331.876.6-053.8  |2 1981 
245 0 0 |a Vede a technike dvere dokorán  |b Aktív vedúcich pracovníkov PZN K záverom 5. zasadnutia ÚV KSČ 
650 0 7 |a Poľnohospodárske zásobovanie a nákup, VHJ  |2 snkbucl  |9 926956 
650 0 7 |a zlepšovateľstvo  |2 snkbucl  |9 271831 
650 0 7 |a vynálezcovstvo  |2 snkbucl  |9 276625 
655 7 |a články z novín a časopisov  |2 snkbucl  |9 267496 
773 0 |t Časopis PZN  |g Roč. 19, č. 13 (1987), s. 1 
850 |a Slovenská národná knižnica v Martine  |a MTA001 
852 |a SNK  |b KIS3GCP 
958 |a RK 
992 |a RBX 
999 |c 1504913  |d 1506843